000 00524nam a22001932 4500
001 0000002660
005 20170406114410.0
008 140325s xx 000 0 eng d
020 _a9780256200188 :
_c$
040 _aYour Holding Symbol
_cYour Holding Symbol
100 1 _aRoss,Stephen A.
245 1 0 _aEssentials of corporate finance.
250 _a ed.
260 _aChicago :
_bIrwin,
_c1996.
300 _a528 p. ;
_c cm.
504 _aindex.
650 0 _acorporate finance.
908 _a140325
999 _c2546
_d2546